Ser, sociedad y ecología: perspectiva Maya

Sábháilte in:
Sonraí bibleagrafaíochta
Príomhchruthaitheoir: Matul, Daniel
Údar corparáideach: Liga Maya Guatemala
Formáid: Téacs
Foilsithe / Cruthaithe: San José: Liga Maya Internacional
Clibeanna: Cuir clib leis
Níl clibeanna ann, Bí ar an gcéad duine le clib a chur leis an taifead seo!

MARC

LEADER 00000 a a2200000 04500
001 23569
003
040
090 |a 162300  
100 |a Matul, Daniel  
110 |a Liga Maya Guatemala  
245 |a Ser, sociedad y ecología: perspectiva Maya  
260 |a San José:   |b Liga Maya Internacional  
300 |a 22 p  
999 |c 13015  |d 13015